Master key to MBA entrance exam: Single key for every MBA entrance (Record no. 170040)

MARC details
000 -LEADER
fixed length control field 00463nam a2200157Ia 4500
008 - FIXED-LENGTH DATA ELEMENTS--GENERAL INFORMATION
fixed length control field 231217s9999 xx 000 0 und d
041 ## - LANGUAGE CODE
Language code of text/sound track or separate title English
082 ## - DEWEY DECIMAL CLASSIFICATION NUMBER
Classification number 658.076 CHO1
100 ## - MAIN ENTRY--PERSONAL NAME
Personal name Chopra, Ravi
245 #0 - TITLE STATEMENT
Title Master key to MBA entrance exam: Single key for every MBA entrance
250 ## - EDITION STATEMENT
Edition statement 8th ed.
260 ## - PUBLICATION, DISTRIBUTION, ETC.
Date of publication, distribution, etc. 2002
Name of publisher, distributor, etc. Galgotia
Place of publication, distribution, etc. New Delhi
300 ## - PHYSICAL DESCRIPTION
Extent x-F-8+14
650 ## - SUBJECT ADDED ENTRY--TOPICAL TERM
Topical term or geographic name entry element Master,key,MBA,entrance,exam:,Single,key,every,MBA,entrance
942 ## - ADDED ENTRY ELEMENTS (KOHA)
Koha item type Books
Holdings
Date last seen Total checkouts Full call number Accession number Cost, total (INR) price Price effective from Category Lost status Damaged status Department Withdrawn status Home library Current library Shelving location Entry date Cost, normal purchase price Grants Billdate Currency symbol Conversion rate Discount Old discount
26/01/2024   658.076 CHO1 24067 276.25 26/01/2024 Books     EC   Central Library Central Library   08/12/2003 325.00 EC 06/04/2005 RS 1 48.75 15

© For any Suggestions or Query, please contact the library staff @ librarian@pes.edu or Phone: +9180 2672 1983/ 2108.